00493nam a2200193 a 4500001001300000003000900013005001700022008004100039020000900080082001500089100002300104245004500127260002700172300000900199500003500208505001700243650001600260700002300276nice12345678IN_TiNIC20260116012508.0050524s1976 lona grp 000 0 eng  ac1300a231.3bGIL aGillquist, Peter E aLets Quit Fighting About the Holy Spirit aLondonbLakelandc1976 a108p aincludes index and biblioraphy2 aBibliography aHoly Spirit1 aGillquist, Peter E